Azerbaijão - Statistics

Estatísticas Gerais
  • Esse quiz foi jogado 7 vezes
  • A pontuação média é 5 de 15
Estatísticas das Respostas
Hint Resposta % Correto
Em que continente fica? Ásia
100%
Qual é o seu código ISO? AZ
86%
Com quantos países faz fronteira? 5
71%
Qual é a sua capital? Bacu
71%
Qual é o desporto mais popular do país? Futebol
71%
Qual é a sua principal fonte de riqueza? Petróleo
43%
Qual é o seu idioma? Azerbaijano
29%
Como se chama a sua moeda? Manate azeri
29%
Qual é a bebida mais consumida? Chá
14%
Qual é a carne mais consumida no país? Carneiro
0%
Qual é o animal nacional do país? Cavalo karabakh
0%
Qual é o seu maior rio? Kura
0%
Qual é o prato mais conhecido do país? Kutabi
0%
Qual é o ponto mais alto do país? Monte Bazarduzu
0%
O Azerbaijão é conhecido por ter que tipos de vulcões? Vulcões de lama
0%
Nenhum quiz correspondente encontrado
Distribuição das Pontuações
Porcentagem de Pessoas com Cada Pontuação
Percentil de Números Respondidos
Sua Pontuação Histórica
Você não jogou esse quiz